000 00605cam0a220021700 4500
001 zam00003440
008 951128s1948 xx eng u
035 _a(Sirsi) r20768
035 _a(MACHINE)SLC.
100 _aInstitoris, H.
_6A82231.1
245 1 0 _aMalleus Malefilarum.
260 _c1948.
949 _aBF1569
_wlcc
_c 1
_mMAIN
_p2500
_tSHORTLOAN
_lSHORTLOAN
004 20768
591 _aClass code: RS 230.
591 _aCourse: Indigenous religions of Central Africa.
591 _aSchool: S03.
591 _aLecturer: Fr. FLYNN, E.
591 _aNumber of Students: 25.
909 _aBook
999 _c8513
_d8513